000 00353nam a2200109Ia 4500
008 160531s9999 xx 000 0 und d
100 _aKappas, M.
245 _aGlobal Health: A Challenge for Interdisciplinary Research
245 _cby M. Kappas, U. Gross, D. Kelleher (eds.)
260 _c2012
856 _uhttp://www.oapen.org/search?identifier=441522
999 _c295486
_d295486